Optimalizácia financovania európskych podnikov pomocou metód umelej inteligencie s dôrazom na prioritu: a new boost for jobs, growth and investment, programu HORIZONT 2020 záverečná správa z riešenia projektu pre mladých učiteľov, vedeckých pracovníkov a doktorandov v dennej forme štúdia I-16-110-00 : doba riešenia 1 rok (2016)

Salvato in:
Dettagli Bibliografici
Autore principale: Verner, Robert, 1986-
Ente Autore: Ekonomická univerzita v Bratislave. Podnikovohospodárska fakulta so sídlom v Košiciach
Altri autori: Stašková, Slavomíra, 1989-, Krigovská, Andrea, 1988-, Szabo, Ľuboslav, Hajdúchová, Iveta
Natura: Libro
Lingua:slovacco
Pubblicazione: Bratislava 2016
Edizione:1. vyd.
Soggetti:
Tags: Aggiungi Tag
Nessun Tag, puoi essere il primo ad aggiungerne!!

MARC

LEADER 00000nam a2200000 4500
001 0228669
005 20241002133244.7
041 0 |a slo 
044 |a SK 
245 1 0 |a Optimalizácia financovania európskych podnikov pomocou metód umelej inteligencie s dôrazom na prioritu: a new boost for jobs, growth and investment, programu HORIZONT 2020  |b záverečná správa z riešenia projektu pre mladých učiteľov, vedeckých pracovníkov a doktorandov v dennej forme štúdia I-16-110-00 : doba riešenia 1 rok (2016)  |c Róbert Verner, Slavomíra Stašková, Andrea Krigovská ; recenzenti: Ľuboslav Szabo, Iveta Hajdúchová 
250 |a 1. vyd. 
264 1 |a Bratislava  |c 2016 
300 |a [50 s.] 
610 2 0 |a optimalizácia 
610 2 0 |a financovanie 
610 2 0 |a podnik 
610 2 0 |a inteligencia umelá 
100 1 |a Verner, Robert, 1986- 
700 1 |a Stašková, Slavomíra, 1989- 
700 1 |a Krigovská, Andrea, 1988- 
700 1 |a Szabo, Ľuboslav 
700 1 |a Hajdúchová, Iveta 
710 2 |a Ekonomická univerzita v Bratislave. Podnikovohospodárska fakulta so sídlom v Košiciach